Silhouettes: Peanuts Characters Quiz Stats

 Plays Quiz Updated Jan 24, 2018

Challenge
Share
Tweet
Score 0/15 Timer 02:00
0 Plays Today
% Correct
Charlie Brown
94.8%
Snoopy
94.8%
Woodstock
92.9%
Pig Pen
91.9%
Schroeder
88.2%
Lucy
85%
Marcie
79%
Linus
77.1%
% Correct
Franklin
75.7%
Frieda
75.1%
Shermy
73.5%
Sally
71.9%
Peppermint Patty
63.7%
Violet
58.3%
Patty
40.9%

You're not logged in!

Compare scores with friends on all Sporcle quizzes.
OR
Log In

You Might Also Like...

Show Comments

Extras

Top Quizzes Today


Score Distribution

Your Account Isn't Verified!

In order to create a playlist on Sporcle, you need to verify the email address you used during registration. Go to your Sporcle Settings to finish the process.

Report this User

Report this user for behavior that violates our Community Guidelines.

Details: